00247nam a22001217a 4500040000700000082000800007100000700015245005400022260001800076300000900094942000700103999001500110 cSK a330 aNA aThe economics of climate change in southeast asia aNAbNA c2010 a20p. cEK c9828d9828